| 000 | 00784nam a2200217 a 4500 | ||
|---|---|---|---|
| 001 | 64997 | ||
| 003 | BD-RjUL | ||
| 005 | 20211209081357.0 | ||
| 008 | 170226s1955 ii ||||| |||| 00| 0 ben d | ||
| 035 | _a(BD-RjUL)65127 | ||
| 040 |
_aBD-RjUL _bben _cBD-RjUL _dBD-RjUL |
||
| 041 | _aben | ||
| 082 |
_223 _a891.51 _bHOM 1955 |
||
| 100 |
_aহোসেন, কাজী আকরাম _9123829 |
||
| 245 | 1 | 0 |
_aমস্নবী রূমী / _cকাজী আকরাম হোসেন |
| 260 |
_aকলিকাতা : _bইতিকথা বুক ডিপো, _c১৯৫৫ ? |
||
| 300 |
_a[১২], ২৫৩ পৃ. ; _c২৩ সেমি |
||
| 650 |
_aইরানের সাহিত্য _9123830 |
||
| 650 |
_aIranian literature _9123831 |
||
| 942 |
_2ddc _cBK |
||
| 999 |
_c64997 _d64997 |
||